| 000 | 00759nam a22002177a 4500 | ||
|---|---|---|---|
| 999 |
_c2318 _d2318 |
||
| 003 | AR-CdUCM | ||
| 008 | 190304b ||||| |||| 00| 0 spa d | ||
| 040 |
_aMUNICIPALIDAD PROVINCIAL DEL CUSCO _cBIBLIOTECA MUNICIPAL DEL CUSCO |
||
| 082 |
_a393.8531 / _bY38 |
||
| 100 |
_aYauri Montero, Marcos _96038 |
||
| 245 |
_aLeyendas Ancashinas : _bPlantas Alimenticias y Literatura Oral Andina / |
||
| 260 |
_aLima : _bCentro de Proyección Cristiana, _c1990. |
||
| 300 |
_a137 paginas ; _c20cm. |
||
| 500 | _a"Toda la magia y el encanto del Áncash milenario"--Cubierta. | ||
| 650 |
_aCuentos folclóricos peruanos _95451 |
||
| 650 |
_aAncash _98362 |
||
| 650 |
_aLeyendas _92226 |
||
| 650 |
_aTradiciones _9229 |
||
| 942 |
_2ddc _cLIBROS |
||
| 945 |
_apjha _d2019-03-04 |
||